[Event "3rd GRENKE Chess Open 2018"]
[Site "Karlsruhe"]
[Date "2018.04.02"]
[Round "9"]
[White "Rapport, Richard"]
[Black "Keymer, Vincent"]
[Result "0-1"]
[WhiteElo "2715"]
[BlackElo "2403"]
[Annotator "TA"]
[PlyCount "102"]
[EventDate "2018.??.??"]
[EventType "swiss"]
[EventCountry "GER"]
[SourceTitle "playchess.com"]
[Source "ChessBase"]
[SourceQuality "1"]

{[%evp 17,102,10,8,0,4,0,0,4,11,2,18,22,13,18,34,42,51,0,0,0,0,0,0,0,0,0,0,0,0,-37,-25,-36,-63,-17,0,0,0,0,0,-35,-73,-78,-70,-75,-77,-68,0,-100,-72,-114,-115,-119,-121,-122,-115,-127,-93,-91,-71,-60,-68,-80,-74,-193,-193,-194,-193,-193,-190,-515,-538,-509,-477,-1450,-1461,-6123,-6123,-6123,-6123,-6099,-229,-6095,-6091,-2423,-2014,-511,-458]} 1. d4 d5 2. c4 e6 3. Nc3 Nf6 4. Bg5 Be7 5. e3 h6 6. Bh4 {[%cal Bg5h4,Bh4g3,Bg3f4][%mdl 32]} O-O 7. Rc1 Nbd7 8. cxd5 exd5 9. Bd3 c6 {[%cal Bc7c6,Bc6c5,Bc5c4][%mdl 32]} 10. Bg3 {D54: Queen's Gambit Declined: 4 Bg5 Be7: Lines without Nf3} Re8 11. h3 $146 ({Find the theoretical novelty and annotate with similar games:} 11. Nf3 Nh5 12. Be5 Nxe5 13. Nxe5 Nf6 14. O-O Bd6 15. f4 Be6 16. h3 a6 17. Rf2 c5 {½-½ (36) Jezek,J (2515)-Mokrys,C (2420) ICCF corr 1996}) 11... Bb4 12. Nf3 {The position is equal.} Ne4 13. Bf4 c5 (13... Bd6 {NOTEXT} 14. Bxd6 Nxd6 15. O-O Nf6 16. Qc2 Nfe4) 14. O-O Bxc3 15. bxc3 Nb6 16. Ne5 f6 17. Ng4 (17. Ng6 $14) 17... c4 $1 $11 {[%cal Rc4d3]} 18. Bb1 h5 $1 {[%cal Rh5g4]} 19. Nh2 g5 20. Qxh5 {Black must now prevent f3.} gxf4 21. f3 Nd6 22. Qh7+ Kf8 {[%cal Bg8f8,Bf8e7,Be7e6,Be6d7,Bd7c6,Bc6c7,Bc7b8][%mdl 32]} 23. Qh6+ Ke7 24. Qg7+ Ke6 25. Rfe1 Re7 26. Qg4+ f5 {[#]} 27. Bxf5+ $1 {[%mdl 512]} Nxf5 28. Qg6+ (28. e4 $11) 28... Kd7 $17 29. Qxf5+ Kc6 30. Qxf4 Be6 $36 {[%mdl 2048] White is under strong pressure.} 31. e4 Qg8 (31... Qf8 $15 32. Qg5 Rg7) 32. Qh6 (32. a4 $11) 32... Kc7 33. Kh1 Rf8 34. Re2 Rh7 35. Qd2 Kb8 36. Rce1 dxe4 37. fxe4 Bd7 38. Rf2 Re8 39. Qf4+ Ka8 40. Nf3 (40. Re3 $17) 40... Rf8 $19 41. Qh2 Na4 42. Re3 {[#]} a6 $1 43. Qe5 $2 {[#]} (43. Rfe2 {is more resistant.}) 43... Bxh3 $1 {[%mdl 512]} 44. Kg1 (44. gxh3 Rxh3+) 44... Rg7 {[%cal Rg7g2]} 45. Nh4 (45. Qh2 $142 Rg3 46. Kh1) 45... Rxf2 46. Kxf2 Rxg2+ 47. Nxg2 Qxg2+ ({Wrong is} 47... Bxg2 $2 48. Rg3 $18) 48. Ke1 Qf1+ 49. Kd2 {And now Qh8+ would win.} Bg4 {[%csl Gg4][%cal Rf1d1] Black is clearly winning.} 50. Qe8+ Ka7 {[%csl Gg4][%cal Rf1d1]} 51. Qxa4 Qf2+ {Precision: White = 58%, Black = 69%.} 0-1

[Event "3rd GRENKE Chess Open 2018"]
[Site "Karlsruhe"]
[Date "2018.04.02"]
[Round "9"]
[White "Van Wely, Loek"]
[Black "Kanarek, Marcel"]
[Result "1/2-1/2"]
[WhiteElo "2667"]
[BlackElo "2506"]
[Annotator "TA"]
[PlyCount "126"]
[EventDate "2018.??.??"]
[EventType "swiss"]
[EventCountry "GER"]
[SourceTitle "playchess.com"]
[Source "ChessBase"]
[SourceQuality "1"]

{[%evp 23,126,42,62,25,52,52,51,48,49,25,48,24,37,0,2,-11,0,-10,0,-20,-25,-22,-36,-39,-37,-31,-27,-28,0,0,0,-50,-37,-39,0,0,0,-27,-50,-15,-21,-45,-32,-136,-119,-163,-8,-25,-17,-193,-27,-32,0,0,0,-39,-48,-64,8,8,8,8,10,0,39,32,43,56,29,25,26,34,35,10,11,8,34,18,18,18,18,18,18,18,18,18,18,18,18,18,18,18,18,0,0,0,0,0,0,0,0,0,0,0,0]} 1. d4 Nf6 2. c4 g6 3. Nc3 Bg7 4. e4 d6 5. Nf3 O-O 6. Be2 e5 7. O-O Nc6 8. d5 Ne7 9. b4 a5 10. Ba3 axb4 11. Bxb4 Re8 {E97: King's Indian: Classical Main Line (6...e5 7 0-0 Nc6): 8 Be3 and 8 d5 Ne7, not 9 Ne1} 12. a4 Bf8 {LiveBook: 6 Games} (12... c5 13. Ba3 Ra6 14. Nd2 Rf8 15. Bb2 Ne8 16. Nb5 f5 17. exf5 gxf5 {0-1 (36) Eljanov,P (2713)-Hjartarson,J (2513) Reykjavik 2018}) 13. Ne1 c5 {White has an edge.} 14. Ba3 $146 ({Predecessor:} 14. dxc6 Nxc6 15. Ba3 Be6 16. Nc2 Na5 17. Ne3 Rc8 18. Rb1 Rc6 19. c5 dxc5 {0-1 (41) Inchausti,P (2156)-Sosa,T (2289) Villa Martelli 2014}) 14... Nd7 15. Nb5 Ra6 16. Bb2 Bg7 17. Ra3 f5 18. exf5 Nxf5 19. Nc2 Nf6 20. Re1 Nd4 21. Ne3 Bd7 22. h3 Rf8 23. Nc3 Bh6 24. Bc1 Bf4 25. Nf1 Bf5 {...Bc2 is the strong threat.} 26. Bxf4 exf4 27. Bd3 Bxd3 28. Qxd3 Nd7 (28... f3 $5 {[%cal Rf3g2]} 29. g3 Nd7 $15) 29. Nb5 Ne5 30. Qc3 Qg5 $36 {[%mdl 2048] Black fights for an advantage.} 31. Nxd4 cxd4 32. Qxd4 Rxa4 $1 33. Rc3 ({Much weaker is} 33. h4 Qf6 $17) ({Better is} 33. Rea1 $1 $15) 33... b5 $1 $17 {[%cal Ra4c4]} 34. Nd2 {[#]} bxc4 $2 (34... f3 $1 $19 {[%csl Gf3][%cal Rg5g2]} 35. g3 Ra2) 35. Ne4 Qe7 36. Rb1 $2 {[#]} (36. Rcc1 $11 {and White is okay.}) 36... Rfa8 $2 (36... f3 $1 $19 37. g3 Qd7) 37. Qb6 Nd7 38. Qd4 Ne5 39. Qb6 R4a6 40. Qb7 R6a7 (40... Qxb7 $15 41. Rxb7 Rf8) 41. Qxe7 $11 Rxe7 42. Nxd6 Ra5 43. Ne4 Nd7 44. Rxc4 {Strongly threatening d6.} Rxd5 45. Rb7 {aiming for Nf6+!} Rf7 46. h4 h6 47. f3 Kg7 48. Nf2 g5 49. Rcc7 gxh4 50. Nh3 Rd4 {The position is equal.} 51. Nxf4 Rdxf4 52. Rxd7 Rxd7 53. Rxd7+ {[%mdl 4096] Endgame KR-KR} Kg6 54. Kh2 Ra4 55. Kh3 Rb4 56. Rd5 Rc4 57. Re5 Rb4 58. Re4 Rxe4 59. fxe4 Kg5 60. e5 Kf5 61. Kxh4 Kxe5 62. Kh5 Kf4 63. Kxh6 Kg3 {Precision: White = 42%, Black = 55%.} 1/2-1/2

[Event "3rd GRENKE Chess Open 2018"]
[Site "Karlsruhe"]
[Date "2018.04.02"]
[Round "9"]
[White "Shirov, Alexei"]
[Black "Korobov, Anton"]
[Result "1/2-1/2"]
[WhiteElo "2651"]
[BlackElo "2664"]
[Annotator "TA"]
[PlyCount "33"]
[EventDate "2018.??.??"]
[EventType "swiss"]
[EventCountry "GER"]
[SourceTitle "playchess.com"]
[Source "ChessBase"]
[SourceQuality "1"]

{[%evp 20,33,22,15,16,6,19,23,14,23,35,0,0,0,30,0]} 1. e4 c5 2. Nf3 d6 3. d4 cxd4 4. Nxd4 Nf6 5. Nc3 a6 6. h3 e6 7. g4 b5 8. g5 {B81: Sicilian Scheveningen: Keres Attack} (8. Bg2 Bb7 9. O-O Nfd7 10. Re1 Be7 11. e5 d5 12. a4 b4 13. Nxd5 Bxd5 14. Bxd5 exd5 15. e6 O-O 16. exd7 Qxd7 {1-0 (44) Anand,V (2803)-Volokitin,A (2639) Berlin 2015}) 8... b4 9. gxf6 bxc3 10. fxg7 Bxg7 11. bxc3 {LiveBook: 3 Games} Qc7 12. Bd2 Nd7 13. Rg1 Bf6 14. Qh5 {[#] aiming for Nxe6.} Ke7 15. Bd3 (15. Qa5 $5 {[%cal Ra5c7]} Ra7 16. Qh5 $11) 15... Bb7 $1 16. Ke2 $146 d5 17. exd5 1/2-1/2

[Event "3rd GRENKE Chess Open 2018"]
[Site "Karlsruhe"]
[Date "2018.04.02"]
[Round "9"]
[White "Gordievsky, Dmitry"]
[Black "Lobron, Eric"]
[Result "1-0"]
[WhiteElo "2630"]
[BlackElo "2503"]
[Annotator "TA"]
[PlyCount "53"]
[EventDate "2018.??.??"]
[EventType "swiss"]
[EventCountry "GER"]
[SourceTitle "playchess.com"]
[Source "ChessBase"]
[SourceQuality "1"]

{[%evp 31,53,39,56,25,260,231,260,255,259,208,189,195,307,307,336,345,359,356,360,99,87,92,410,397]} 1. Nf3 d5 2. c4 e6 3. g3 c5 4. cxd5 exd5 5. d4 Nc6 6. Nc3 Nf6 7. Bg2 Be7 8. O-O O-O 9. b3 Ne4 10. Bb2 Bf6 11. Na4 b6 12. Rc1 Ba6 13. dxc5 Bxb2 14. Nxb2 bxc5 15. Na4 Re8 16. Re1 c4 $1 {LiveBook: 71 Games} 17. bxc4 {[#] D34: Tarrasch Defence: 6 g3 Nf6 7 Bg2 Be7} dxc4 $146 {[#]} (17... Bxc4 $11 18. Nd2 Nxd2 19. Qxd2 Rc8) ({Predecessor:} 17... Bxc4 18. Nd2 Nxd2 19. Qxd2 Qf6 20. Bxd5 Bxd5 21. Qxd5 Nd4 22. Nc5 Rad8 23. Nd7 Qe6 24. Qxd4 Rxd7 {½-½ (74) Mikhalevski,V (2380)-Greenfeld,A (2590) Beersheba 1993}) 18. Nd2 $1 $18 {[%cal Rd2e4][%mdl 512]} Nxf2 (18... Qxd2 19. Qxd2) 19. Kxf2 {White has a decisive advantage.} Qf6+ 20. Nf3 Rad8 21. Qc2 Nd4 (21... Ne5 {is a better defense.}) 22. Qc3 Bb5 23. Nb2 Re5 24. Rcd1 (24. Nxc4 Rc5 $18) 24... Red5 25. Nxc4 $2 (25. e4 $18 {has better winning chances.} Nxf3 26. Qxf6 Rd2+ 27. Rxd2 Rxd2+ 28. Kxf3 gxf6 29. Nd1) 25... Bxc4 $16 26. Qxc4 {[#] Strongly threatening Qc3.} Qb6 $2 {[%mdl 8192]} (26... g5 $16) 27. Rb1 {Precision: White = 52%, Black = 18%.} 1-0

[Event "3rd GRENKE Chess Open 2018"]
[Site "Karlsruhe"]
[Date "2018.04.02"]
[Round "9"]
[White "Banusz, Tamas"]
[Black "Fominyh, Alexander"]
[Result "*"]
[WhiteElo "2618"]
[BlackElo "2391"]
[Annotator "TA"]
[PlyCount "32"]
[EventDate "2018.??.??"]
[EventType "swiss"]
[EventCountry "GER"]
[SourceTitle "playchess.com"]
[Source "ChessBase"]
[SourceQuality "1"]

{[%evp 1,1,22]} 1. Nf3 {Predecessor:} d5 $146 2. d4 Nf6 3. Bf4 c5 4. e3 Nc6 5. c3 e6 6. Nbd2 Bd6 7. dxc5 Bxc5 8. Bd3 h6 9. Qe2 Nh5 10. Bg3 Nxg3 11. hxg3 Bd7 12. e4 dxe4 13. Nxe4 Be7 14. g4 Qc7 15. g5 O-O-O 16. gxh6 gxh6 {½-½ (101) Mamedyarov,S (2809)-Nakamura,H (2787) Moscow 2018} *

[Event "3rd GRENKE Chess Open 2018"]
[Site "Karlsruhe"]
[Date "2018.04.02"]
[Round "9"]
[White "Kozul, Zdenko"]
[Black "Sinz, Bernhard"]
[Result "1-0"]
[WhiteElo "2617"]
[BlackElo "2383"]
[Annotator "TA"]
[PlyCount "95"]
[EventDate "2018.??.??"]
[EventType "swiss"]
[EventCountry "GER"]
[SourceTitle "playchess.com"]
[Source "ChessBase"]
[SourceQuality "1"]

{[%evp 18,95,14,10,15,0,6,0,12,0,0,0,29,5,41,52,56,41,54,56,47,19,22,16,35,28,22,9,24,21,20,20,20,20,20,20,28,20,20,28,18,21,94,87,81,82,148,149,148,135,141,134,129,133,137,122,129,127,141,133,287,185,178,178,174,97,169,200,200,183,164,178,5169,5097,2319,2319,6733,5097,5206,4198]} 1. d4 d5 2. c4 e6 3. Nf3 c6 4. Nbd2 f5 5. g3 Nf6 6. Bg2 Bd6 7. O-O O-O 8. b3 b6 {A90: Dutch Defence: Miscellaneous and Modern Stonewall (with ...Bd6)} (8... Nbd7 9. Bb2 b6 10. Ne5 Bb7 11. Rc1 Rc8 12. e3 Ne4 13. Nxe4 dxe4 14. Nxd7 Qxd7 15. f3 exf3 16. Qxf3 Qe7 17. Rcd1 {0-1 (36) Vovk,Y (2617)-Wei,Y (2734) Baku 2015}) 9. Ne5 Bb7 10. Bb2 {LiveBook: 20 Games} Na6 {The position is equal.} 11. Ndf3 Rc8 $146 ({Find the theoretical novelty and annotate with similar games:} 11... Qe7 12. e3 Rac8 13. Qe2 Rc7 14. Rac1 c5 15. cxd5 exd5 16. dxc5 Nxc5 17. Rfd1 Nfe4 {0-1 (64) Afifi,A (2405)-Abou el Zein,E (2330) Bahrain 1990}) 12. e3 c5 13. Qe2 Qe7 14. Rfd1 Rfd8 15. cxd5 Nxd5 16. Nc4 Bb8 17. Ne1 Nf6 18. Bxb7 Qxb7 19. dxc5 Nxc5 20. Bxf6 gxf6 21. Rxd8+ Rxd8 22. Rd1 Qe7 (22... Rxd1 {NOTEXT} 23. Qxd1 Qd7 24. Qxd7 Nxd7 25. Nd3 b5) 23. Nf3 Rxd1+ 24. Qxd1 Qd7 25. Qxd7 Nxd7 $11 {[%mdl 4096] Endgame KBN-KNN} 26. Nd4 Kf7 27. Nc6 e5 $1 28. Kg2 Ke6 $1 29. Kh3 Kd5 (29... b5 $11 {keeps the balance.} 30. Nd2 (30. Nxb8 Nxb8 31. Nd2 Na6 $11) 30... a6) 30. Nxb8 $16 Nxb8 {KN-KN} 31. Kh4 Ke4 (31... f4 $142) 32. Kh5 $1 Kf3 33. Kh6 Kxf2 34. Kxh7 b5 35. Nd6 $1 {[%csl LRb5,LRf5]} Kxe3 36. Nxf5+ Ke4 37. Kg6 {aiming for h4.} Nd7 38. Nd6+ Kf3 $2 (38... Kd3 $16) 39. Nxb5 e4 {[#]} 40. Nd4+ $1 Kf2 {[#] Threatens to win with ...e3.} 41. Nc2 ({White should play} 41. Nf5 $1 $18) 41... e3 {[#]} (41... Ke2 $16) 42. Nxe3 $1 $18 {[%mdl 512]} Kxe3 {KN-KP} 43. h4 {[%cal Bh2h4,Bh4h5][%mdl 32] And now h5 would win.} Kf3 44. h5 {Kg7 is the strong threat.} Ne5+ $2 (44... Kxg3 45. Kg7 Nc5) 45. Kxf6 {White is clearly winning.} Ng4+ 46. Kg5 Kxg3 47. b4 {[%cal Bb3b4,Bb4b5][%mdl 32]} ({Worse is} 47. h6 Nxh6 48. Kxh6 Kf4 $11) 47... Kf3 48. b5 {Precision: White = 73%, Black = 46%.} ({Stronger than} 48. h6 Nxh6 49. Kxh6 Ke4 $11) 1-0

[Event "3rd GRENKE Chess Open 2018"]
[Site "Karlsruhe"]
[Date "2018.04.02"]
[Round "9"]
[White "Landa, Konstantin"]
[Black "Santos Latasa, Jaime"]
[Result "1/2-1/2"]
[WhiteElo "2613"]
[BlackElo "2549"]
[Annotator "TA"]
[PlyCount "49"]
[EventDate "2018.??.??"]
[EventType "swiss"]
[EventCountry "GER"]
[SourceTitle "playchess.com"]
[Source "ChessBase"]
[SourceQuality "1"]

{[%evp 16,49,0,0,6,0,26,16,12,-8,-8,-8,-7,-8,-11,-16,0,-5,8,0,12,18,23,-3,0,1,0,0,0,14,13,5,4,0,0,0]} 1. d4 Nf6 2. c4 e6 3. Nc3 Bb4 4. e3 O-O 5. Bd3 d5 6. cxd5 exd5 7. Nge2 Re8 8. O-O Bf8 9. Bd2 {LiveBook: 31 Games. E48: Nimzo-Indian: Rubinstein: 5 Bd3 d5 including 6 Ne2, but excluding 6 a3} a6 {[%cal Ba7a6,Ba6a5][%mdl 32]} (9... b6 10. Rc1 c5 11. Nf4 Bb7 12. Qf3 Na6 13. Rfd1 cxd4 14. exd4 Nc7 15. Bc2 Bd6 {1-0 (44) Carlsen,M (2832)-Karjakin,S (2781) Stavanger 2017}) 10. Rc1 b5 $146 ({Predecessor:} 10... Nbd7 11. Nf4 c6 12. f3 b5 13. Qe1 Bb7 14. Nce2 c5 15. Bb1 Bd6 {1-0 (55) Aleksandrov,A (2679)-Lagno,K (2493) Moscow 2004}) 11. Nf4 {White has an edge.} Bb7 12. Bb1 Nbd7 13. Nce2 a5 14. Qe1 b4 15. f3 Bd6 16. Qf2 Nf8 17. Nd3 Ne6 18. Nef4 Nxf4 19. Nxf4 Nd7 {The position is equal.} 20. e4 dxe4 21. fxe4 Bxe4 {[#]} 22. Ne6 $1 {[%mdl 512]} fxe6 (22... Rxe6 23. Qxf7+) 23. Bxe4 Rf8 24. Qe3 Rb8 25. Bxh7+ {Precision: White = 56%, Black = 63%.} 1/2-1/2

[Event "3rd GRENKE Chess Open 2018"]
[Site "Karlsruhe"]
[Date "2018.04.02"]
[Round "9"]
[White "Papp, Gabor"]
[Black "Kevlishvili, Robby"]
[Result "1/2-1/2"]
[WhiteElo "2604"]
[BlackElo "2472"]
[Annotator "TA"]
[PlyCount "41"]
[EventDate "2018.??.??"]
[EventType "swiss"]
[EventCountry "GER"]
[SourceTitle "playchess.com"]
[Source "ChessBase"]
[SourceQuality "1"]

{[%evp 17,41,17,39,59,79,76,79,0,0,0,19,16,29,16,16,13,16,0,0,19,0,-14,-13,-7,-6,0]} 1. e4 c5 2. Nf3 d6 3. d4 cxd4 4. Nxd4 Nf6 5. Nc3 a6 6. Bg5 e6 7. f4 Be7 8. Qf3 Qc7 9. O-O-O O-O 10. Kb1 {B98: Sicilian Najdorf: 6 Bg5 e6 7 f4 Be7, sidelines} b5 (10... Nc6 11. Qg3 Bd7 12. Be2 Rfc8 13. e5 dxe5 14. fxe5 Nxe5 15. Bf4 Bd6 16. Rhf1 Nc4 17. Bxd6 Qxd6 18. Qxd6 Nxd6 19. Nxe6 Rxc3 20. Rxd6 {½-½ (27) Papp,G (2607)-Debashis,D (2501) Caleta 2018}) 11. e5 $146 {[%cal Re5f6]} ({Predecessor:} 11. Bd3 Nbd7 12. f5 e5 13. Nde2 Bb7 14. g4 Rac8 15. Ng3 b4 16. Bxf6 Nxf6 17. Nce2 d5 18. Rhe1 dxe4 19. Nxe4 Nxe4 20. Bxe4 Bxe4 21. Qxe4 Rfd8 {½-½ (21) Nagy,H (2073)-Benyovszki,P Gyula 2001}) 11... Bb7 {[#]} 12. Qg3 ({White should try} 12. exd6 $1 $16 Bxd6 13. Qh3) 12... dxe5 13. fxe5 {Bxf6 is the strong threat.} Ne4 14. Nxe4 Bxe4 15. Qh4 Bxg5 {The position is equal.} 16. Qxe4 Nd7 17. Bd3 {[%csl Gd3][%cal Re4h7] [#]} g6 18. h4 {[%cal Bh2h4,Bh4h5,Bh5g6][%mdl 32]} Nc5 19. Qf3 Bh6 20. h5 {Hoping for hxg6.} Qxe5 21. hxg6 1/2-1/2

[Event "3rd GRENKE Chess Open 2018"]
[Site "Karlsruhe"]
[Date "2018.04.02"]
[Round "9"]
[White "Sumets, Andrey"]
[Black "Grinberg, Eyal"]
[Result "0-1"]
[WhiteElo "2590"]
[BlackElo "2452"]
[Annotator "TA"]
[PlyCount "106"]
[EventDate "2018.??.??"]
[EventType "swiss"]
[EventCountry "GER"]
[SourceTitle "playchess.com"]
[Source "ChessBase"]
[SourceQuality "1"]

{[%evp 22,106,41,16,54,64,59,52,89,87,91,82,152,145,135,139,156,156,156,148,143,148,143,126,410,407,407,407,361,325,318,306,366,162,149,165,136,105,109,96,162,141,154,104,114,103,103,0,101,110,102,120,104,0,62,0,117,38,147,0,0,0,98,0,0,0,0,0,0,0,0,0,0,-158,-14,-183,-173,-440,-398,-1694,-1542,-29979,-29980,-29978,-29976,-2178,-1398]} 1. d4 d5 2. c4 c6 3. cxd5 cxd5 4. Nc3 Nf6 5. Bf4 Nc6 6. e3 a6 7. Rc1 e6 8. Bd3 Be7 9. h3 O-O 10. Nf3 Bd7 11. O-O Rc8 12. Qe2 {LiveBook: 12 Games. D13: Slav Defence: Exchange variation without ...Bf5} (12. Ne5 Be8 13. Bg5 h6 14. Bh4 Nd7 15. Nxc6 Rxc6 16. Bxe7 Qxe7 17. Na4 Nf6 18. Qb3 Rxc1 19. Rxc1 Bxa4 20. Qxa4 Qd6 {½-½ (20) Artemiev,V (2663)-Vitiugov,N (2721) Sochi 2016}) 12... Qa5 13. a3 Na7 $146 ({Find the theoretical novelty and annotate with similar games:} 13... b5 14. Ne5 Rfd8 15. Bg5 Be8 16. f4 Qb6 17. Kh2 Na5 18. g4 Nc4 19. Rg1 a5 20. Bxf6 Bxf6 {0-1 (49) Reilly,T (2258)-Caoili,A (2041) Sydney 1999}) 14. Ne5 {White is slightly better.} Bb5 15. Nxb5 Nxb5 16. Bg5 Rfe8 (16... h6 $142 17. Bxf6 Bxf6) 17. Bxf6 $16 Bxf6 18. Bxh7+ Kxh7 19. Qh5+ $40 {[%mdl 128] White attacks with force.} Kg8 20. Qxf7+ Kh8 21. Rxc8 $1 ({Don't play} 21. Qxb7 $6 Rxc1 22. Rxc1 Bxe5 $14) 21... Rxc8 22. Qxe6 Rc7 $2 {[%mdl 8192]} (22... Qc7 $16) 23. Ng6+ $18 Kh7 24. Nf8+ Kh8 25. Qf5 {[%csl Gf8][%cal Rf5h7]} (25. Qxd5 Qb6 $18) 25... Kg8 26. Nd7 Na7 27. Nxf6+ (27. Qe6+ $142 Kh7 28. Qf5+ Kg8 29. Qe6+ (29. Nxf6+ gxf6 30. Qxf6 Nc6 $16) 29... Kh7 30. Qf5+ Kg8) 27... gxf6 28. Qxf6 {Hoping for b4.} Nc6 29. h4 Rf7 30. Qg6+ Rg7 (30... Kf8 $16 31. h5 Qc7) 31. Qe8+ Kh7 32. Rc1 Ne7 33. Qh5+ Kg8 34. Qe8+ Kh7 35. Rc3 $1 Qb6 36. Qh5+ Kg8 37. Qe8+ Kh7 38. Qh5+ ({White should play} 38. g3 $1 $14) 38... Kg8 $1 $16 39. b4 (39. Rc2 $16) 39... Qe6 (39... a5 $1 $14) 40. Qe8+ ({White should try} 40. Rc7 $1 $16) 40... Kh7 $11 41. Qh5+ ({Better is} 41. g3 $11) 41... Kg8 $1 $16 42. Qe5 (42. Rc7 $16) 42... Qg4 $11 {[%csl Gg7][%cal Rg4g2]} 43. g3 {And now Rc7 would win.} Qe2 {Threatens to win with ...Qe1+.} 44. Rc1 Rf7 45. Qg5+ Kh7 46. Rf1 Qf3 47. h5 $2 {[#]} (47. Qe5 $11) 47... Rf6 (47... Ng8 $1 $17) 48. Qe5 $2 {[#]} (48. Qh4 $11 {and White stays safe.}) 48... Ng8 $1 $19 49. e4 $2 (49. Qc7+ Kh8 50. Qe5 (50. Qxb7 $2 Rh6 $19)) 49... dxe4 50. d5 $2 (50. Qg5 Nh6 51. Qe3) 50... Rf5 51. Qc7+ Kh8 52. h6 Nxh6 53. Qd8+ Ng8 {Precision: White = 40%, Black = 53%.} 0-1

[Event "3rd GRENKE Chess Open 2018"]
[Site "Karlsruhe"]
[Date "2018.04.02"]
[Round "9"]
[White "Buhmann, Rainer"]
[Black "Basso, Pier Luigi"]
[Result "1/2-1/2"]
[WhiteElo "2588"]
[BlackElo "2459"]
[Annotator "TA"]
[PlyCount "111"]
[EventDate "2018.??.??"]
[EventType "swiss"]
[EventCountry "GER"]
[SourceTitle "playchess.com"]
[Source "ChessBase"]
[SourceQuality "1"]

{[%evp 20,111,0,4,9,9,8,-8,14,13,10,10,15,6,8,8,8,8,14,7,11,12,10,11,12,0,25,16,22,17,27,7,8,10,18,6,0,0,0,0,0,0,19,0,0,0,0,0,0,0,0,0,0,0,0,0,0,0,8,0,0,0,5,6,8,0,0,0,0,0,0,0,0,0,0,0,0,0,0,0,0,0,0,0,0,0,0,0,0,0,0,0,0,0]} 1. e4 e5 2. Nf3 Nc6 3. Bb5 Nf6 4. d3 Bc5 5. O-O Nd4 6. Nxd4 Bxd4 7. c3 {C65: Ruy Lopez: Berlin Defence (3...Nf6), unusual lines and 4 0-0 Bc5} Bb6 8. Na3 c6 9. Ba4 d6 10. Nc4 Bc7 11. Bb3 {LiveBook: 9 Games} Be6 12. Re1 h6 13. Ne3 $146 ({Predecessor:} 13. Qf3 O-O 14. Ne3 Qd7 {½-½ (40) Gormally,D (2462)-McShane,L (2644) Llandudno 2017}) 13... O-O 14. Bxe6 fxe6 15. Ng4 Bb6 16. Be3 Nxg4 17. Qxg4 Qf6 18. Qe2 Bxe3 19. Qxe3 Qf4 20. Rad1 Qxe3 21. Rxe3 $11 {[%mdl 4096] Endgame KRR-KRR} Rad8 22. Kf1 Kf7 23. Ke2 Ke7 24. Rg3 Kf7 25. Ke3 g6 {The position is equal.} 26. a4 Kg7 27. Ke2 Rd7 28. Re3 Rb8 29. d4 exd4 30. cxd4 g5 31. b4 a5 32. Rb3 axb4 33. Rxb4 Ra8 34. Rdb1 Kf6 35. Ke3 Ra5 36. g3 c5 37. Rc4 cxd4+ 38. Rxd4 Rc5 39. f4 gxf4+ 40. gxf4 e5 41. fxe5+ Kxe5 42. Rb5 Rxb5 43. axb5 {KR-KR} d5 44. h4 h5 45. b6 Rd6 46. Rxd5+ Rxd5 47. exd5 Kxd5 {KPP-KPP} 48. Kf4 {[#] Hoping for Kg5.} Kc5 49. Kg5 Kxb6 50. Kxh5 {Threatens to win with Kg4. KP-KP} Kc5 51. Kg5 b5 52. h5 {[#] Threatening mate with h6.} b4 53. h6 {Strongly threatening h7.} b3 54. h7 b2 55. h8=Q b1=Q 56. Qe5+ {Precision: White = 65%, Black = 68%.} 1/2-1/2